| 000 | 00524nam a2200181 a 4500 | ||
|---|---|---|---|
| 001 | 2332 | ||
| 003 | CDMR | ||
| 005 | 20131213135201.0 | ||
| 008 | 130130s1990||||||||||||||||||||||||||||d | ||
| 020 | _a8431311088 | ||
| 040 |
_aCDMR _bcat _cCDMR |
||
| 100 | 1 |
_aGiner, Juan Antonio _91748 |
|
| 245 | 1 | 3 |
_aLa revolución empieza en Harvard _b: y otras crónicas americanas de nuestro tiempo _cJuan Antonio Giner |
| 260 |
_aPamplona _c1990 _bEUNSA |
||
| 300 |
_a373 p ; _c18 cm |
||
| 490 | 0 |
_aBiblioteca NT varios _v5 |
|
| 942 |
_cMON _2udc |
||
| 999 |
_c2332 _d2332 |
||